Životné poistenie poisťovne podliehajú štátnemu dozoru

Účel poistenia. Teoretické vymedzenie pojmu poistenie. Právne formy poisťovní. Predmet poistenia. Životné poistenie. Druhy životných poistení: poistenie pre prípad smrti a pre prípad dožitia.

Na minha lista:
Detalhes bibliográficos
Autor principal: Pospíšilová, Pavla
Formato: Capítulo de Livro
Idioma:eslovaco
Assuntos:
Tags: Adicionar Tag
Sem tags, seja o primeiro a adicionar uma tag!

MARC

LEADER 00000naa a2200000 4500
001 r036142
005 20230824101851.4
041 0 |a slo 
044 |a SK 
245 1 0 |a Životné poistenie  |b poisťovne podliehajú štátnemu dozoru  |c Pavla Pospíšilová 
520 |a Účel poistenia. Teoretické vymedzenie pojmu poistenie. Právne formy poisťovní. Predmet poistenia. Životné poistenie. Druhy životných poistení: poistenie pre prípad smrti a pre prípad dožitia. 
610 2 0 |a poistenie 
610 2 0 |a poisťovníctvo 
610 2 0 |a poisťovne 
610 2 0 |a poistenie životné 
610 2 0 |a poistenie osôb 
610 2 0 |a zákony 
610 2 0 |a úpravy právne 
610 2 0 |a Slovensko 
100 1 |a Pospíšilová, Pavla